000 00477nam a2200181Ia 4500
005 20250923144354.0
008 008 250917s9999 xx 000 0 eng d
037 _aTextual
040 _aDSWL
_beng
_cDSWL
041 _aeng
_2eng
084 _aYz7, I0
_qDSWL
100 _aRussell, Bertrand
_9824213
245 0 _aPower
_cby Bertrand Russell
260 _aLondon
_c1946
300 _a328 p.
942 _cTEXL
_hYz7, I0
999 _c1438020
_d1438020